000 01156nam a22002057a 4500
005 2012080302132.0
010 _aB-477201-202
020 _a9789380239934 (Set of 2 vols.)
_c2500.00 (set)
035 _aB-477201-202
037 _adpl
_bK.K.Pub/Ven
082 _a954.16
245 _aThe life and times of Delhi /
_cedited by Suresh K.Sharma
260 _aDelhi
_bVista International Publishing House
_c2010
270 _aV-196, Near Shiv Sadhna Mandir, C-II, Yamuna Vihar
_bDelhi
_e110053
300 _a2v. (xiii, 421p.; xiii, 418p.)
_c21cm (Hb)
942 _2ddc
_cEN
_mLIF
_h954.16
999 _c68858
_d68858